Indovina il Paese dal Set LEGO - Statistics

Statistiche generali
  • Questo quiz è stato fatto 120 volte
  • Il punteggio medio è 10 su 12
Statistiche sulle risposte
con Immagini Risposta % Corretto
Italia
98%
Stati Uniti
97%
Cina
96%
Egitto
95%
Australia
93%
Giappone
92%
Francia
89%
India
89%
Emirati Arabi Uniti
72%
Gran Bretagna
51%
Singapore
49%
Germania
46%
Nessun quiz corrispondente trovato
Distribuzione punteggi
Percentuale di utenti per punteggio
Percentile per numero di risposta
I tuoi punteggi nel tempo
Non hai fatto questo quiz